| 000 | 00605nam a2200205 u 4500 | ||
|---|---|---|---|
| 005 | 20210223132600.0 | ||
| 008 | 150318s2008 r 000 0 eng d | ||
| 020 | _a9789705803406 | ||
| 035 | _aUPN01000202579 | ||
| 049 | _aI | ||
| 050 | 4 |
_aQC527.2 _bK6.3 |
|
| 100 | 1 |
_aKöthe, Rainer, _d1948- _937214 |
|
| 245 | 1 | 0 |
_aElectricidad / _cRainer Köthe ; tr. Juan José Utrilla ; il. por Arno Kolb. |
| 260 |
_aMéxico : _bAltea, _cc2008. |
||
| 300 |
_a48 p. : _bil. col. |
||
| 440 | 0 | _aCómo y por qué | |
| 650 | 4 |
_aELECTRICIDAD - _vLITERATURA INFANTIL _922282 |
|
| 905 | _aInfantil | ||
| 999 |
_c174680 _d174680 |
||